000 01096cam a2200241 4500
001 WB3542-26
008 000000n1999 000 0 eng u
035 _a(Sirsi) u101067
245 _aKeepers and Governors of John Lyon School v Secchi and related action
260 _c1999
490 _aEstates Gazette Case Summaries
_v[1999] EGCS 118 (1)
520 _aCA 11 October 1999. The defendant tenant served a notice on the appellant landlord to renew his lease. The landlord claimed that the notice was invalid due to the inadequate length of time given to serve a counternotice. The judge refused the declaration, however the landlord appealed. Appeal allowed.
590 _aWB
650 _aCOUNTERNOTICE
650 _aLEASE RENEWAL
650 _aKEEPERS AND GOVERNORS OF JOHN LYON SCHOOL V SECCHI AND RELATED ACTION
650 _aLEASEHOLD REFORM, HOUSING AND URBAN DEVELOPMENT ACT 1993 S42
650 _aNEW TENANCY
650 _aVALIDITY
650 _aTIME LIMIT
690 _aPROPERTY-RESIDENTIAL PROPERTY-RESIDENTIAL LANDLORD AND TENANT-RESIDENTIAL TENANCIES
942 _n0
999 _c60301
_d60301